zpět

Detail výsledku týmu

The Pub Praha 2 ČT, Praha

Datum a čas kvízu

27.5 Celkem bodů Celkový počet nahraných bodů na tomto kvízu bez doplňovacích otázek.
11. Pořadí na kvízu Konečné umístění týmu na tomto kvízu.

Zaznamenané odpovědi

# Otázka Odpověď Body Výsledky
1. V pondělí jsme se dozvěděli, ž... nedodržení bezpečné vzdálenosti 0
2. Zaměstnanec letiště Johna F. K... C) živá kočka 1
3. V úterý se v pražském Kině Luc... Král Šumavy 1
4. V pondělí, po pěti dnech letu,... Orion 0
5. V jednom z pátečních zápasů pr... Walesu 1
6. V následujících pěti otázkách... C) 5,68 půllitrů 1
7. Která z následujících jednotek... B 1
8. Jaký odpor v ohmech má spotřeb... 20 Ω 0
9. Přiřaďte tyto jednotky k přísl... 1B 2C 3A 4D 0
10. Uzel je jednotka rychlosti pou... B 1